000 00729nam a2200289Ia 4500
005 20260324112743.0
008 008 260324s9999 xx 000 0 eng d
020 _a9781032614700
037 _aEBOOK
040 _aCRL
040 _beng
040 _cCRL
041 _2eng
041 _aeng
084 _qCRL
100 _aAsha Thomas
_91144002
245 0 _aKnowledge Management, Leadership, and Innovation in Digital Transformation
245 0 _bNavigating the Future of Organizations
260 _bTaylor and Francis
260 _c2024
365 _a
365 _b240
856 _uhttp://www.taylorfrancis.com/books/9781032614700
942 _cEBOOK
999 _c1733333
_d1733333